000 01468nam a22002417a 4500
001 6917
003 FISKH
005 20250606115243.0
008 250606b cb ||||| |||| 00| 0 eng d
020 _a9789995001346
040 _aFISKH
_beng
_cFISKH
_dFISKH
082 _a500
100 _aKunthy, So
245 _aវិទ្យាសាស្ត្រ ថ្នាក់ទី ៩ /
_cលោក សូ គន្ធី ,លោក ហែម សាលី និង លោក​ សួន​ សុជាតិ
250 _aបោះពុម្ពឆ្នាំ ២០១៨
260 _aភ្នំពេញ :
_bគ្រឺះស្ថានបោះពុម្ពនិងចែកផ្សាយ ,
_c២០១៨ .
300 _a316 pages :
_billustrations ;
_c25 cm .
520 _aសៀវភៅនេះមានគោលបំណងដើម្បីអភិវឌ្ឍសមត្ថភាពវិទ្យាសាស្ត្ររបស់សិស្ស និងជួយឱ្យពួកគេអាចប្រើប្រាស់ចំណេះដឹងវិទ្យាសាស្ត្រនៅក្នុងជីវិតប្រចាំថ្ងៃបានយ៉ាងមានប្រសិទ្ធភាព។
520 _aThis book aims to develop students' scientific skills and help them apply scientific knowledge in daily life effectively.
700 _aVirak, Hay
942 _2ddc
_cKHB
_n0
999 _c6917
_d6917